[Event "Vlissingen HZ op 24th"]
[Site "Vlissingen"]
[Date "2022.08.11"]
[Round "7"]
[White "Wilgenhof, Otto"]
[Black "Kalisvaart, Peter"]
[Result "0-1"]
[WhiteElo "2170"]
[BlackElo "1979"]
[PlyCount "86"]
[EventDate "2022.08.06"]
[EventType "swiss"]
[EventRounds "9"]
[EventCountry "NED"]
[SourceTitle "CBM 209 Extra"]
[Source "ChessBase"]
[SourceDate "2022.09.30"]
[SourceVersion "1"]
[SourceVersionDate "2022.09.30"]
[SourceQuality "1"]

1. d4 d5 2. Bg5 Nf6 3. Bxf6 exf6 4. e3 Bd6 5. c4 dxc4 6. Bxc4 0-0 7. Nc3 f5 8. Qf3 c6 9. Nge2 Qg5 10. h4 Qg4 11. Qxg4 fxg4 12. e4 Nd7 13. e5 Nb6 14. Bb3 Be7 15. Nf4 a5 16. a3 a4 17. Ba2 Bf5 18. e6 fxe6 19. Nxe6 Bxe6 20. Bxe6+ Kh8 21. Ne2 h5 22. g3 Rae8 23. Nf4 Bd6 24. Ng6+ Kh7 25. Nxf8+ Bxf8 26. 0-0-0 Rxe6 27. Rhe1 Re7 28. Kc2 Nd7 29. Rxe7 Bxe7 30. Kd3 Kg6 31. Ke4 Bd6 32. Rc1 Kf6 33. Rc4 Nb6 34. Rc3 Ke6 35. Rc2 Be7 36. Rc3 Nc8 37. Re3 Bf6 38. Kd3+ Kd5 39. Re8 Nd6 40. Rh8 g6 41. Rh6 Bxd4 42. Rxg6 Nf7 43. Kc2 Ke5 0-1

[Event "Utrecht Keres Memorial"]
[Site "Utrecht"]
[Date "2022.05.29"]
[Round "6"]
[White "Wilgenhof, Otto"]
[Black "Van Meegen, Ruud"]
[Result "1-0"]
[WhiteElo "2174"]
[BlackElo "2275"]
[PlyCount "133"]
[EventDate "2022.05.27"]
[EventType "swiss"]
[EventRounds "6"]
[EventCountry "NED"]
[SourceTitle "CBM 208 Extra"]
[Source "ChessBase"]
[SourceDate "2022.07.31"]
[SourceVersion "1"]
[SourceVersionDate "2022.07.31"]
[SourceQuality "1"]

1. d4 Nf6 2. Nf3 d5 3. g3 e6 4. Bg2 c5 5. 0-0 Nc6 6. b3 Be7 7. Ba3 cxd4 8. Bxe7 Qxe7 9. Nxd4 Nxd4 10. Qxd4 0-0 11. Nd2 e5 12. Qh4 Bd7 13. c4 Bc6 14. cxd5 Bxd5 15. Bxd5 Nxd5 16. Qxe7 Nxe7 17. Nc4 Nc6 18. Rfd1 Rfd8 19. e3 Kf8 20. Kf1 Ke7 21. a4 Ke6 22. Ke2 Nb4 23. f4 exf4 24. gxf4 Rac8 25. h4 f5 26. Rxd8 Rxd8 27. Rg1 Rd7 28. h5 Nd3 29. h6 g6 30. a5 Nc5 31. Ne5 Rd5 32. b4 Ne4 33. Nd3 Nc3+ 34. Kd2 Ne4+ 35. Kc2 Rd7 36. Rg2 Rc7+ 37. Kb2 Nf6 38. Ne5 Nd5 39. Rg3 Nxb4 40. Nxg6 hxg6 41. Rxg6+ Kd5 42. Rg7 Rc6 43. Rd7+ Kc4 44. h7 Rh6 45. Rc7+ Kd5 46. Rxb7 Nc6 47. a6 Kd6 48. Rf7 Ke6 49. Rc7 Ne7 50. Rxa7 Rxh7 51. Rb7 Rh8 52. Kb3 Ra8 53. Rb6+ Kd5 54. Kb4 Nc6+ 55. Kb5 Na7+ 56. Ka4 Kc4 57. Re6 Nb5 58. Rc6+ Kd3 59. Kxb5 Kxe3 60. Rc4 Rb8+ 61. Ka5 Ra8 62. Kb6 Rb8+ 63. Kc7 Ra8 64. Kb7 Rh8 65. a7 Rh7+ 66. Kb8 Rh8+ 67. Rc8 1-0

[Event "Utrecht Keres Memorial"]
[Site "Utrecht"]
[Date "2022.05.27"]
[Round "3"]
[White "Haver, Daan"]
[Black "Wilgenhof, Otto"]
[Result "1-0"]
[WhiteElo "2165"]
[BlackElo "2174"]
[PlyCount "65"]
[EventDate "2022.05.27"]
[EventType "swiss"]
[EventRounds "6"]
[EventCountry "NED"]
[SourceTitle "CBM 208 Extra"]
[Source "ChessBase"]
[SourceDate "2022.07.31"]
[SourceVersion "1"]
[SourceVersionDate "2022.07.31"]
[SourceQuality "1"]

1. d4 Nf6 2. c4 c5 3. d5 b5 4. cxb5 a6 5. bxa6 d6 6. Nc3 g6 7. a7 Rxa7 8. e4 Bg7 9. Nf3 0-0 10. Be2 Ba6 11. 0-0 Qa5 12. Bd2 Bxe2 13. Qxe2 Nbd7 14. Nb5 Qa6 15. a4 Rb7 16. Bc3 Rc8 17. b3 Nb6 18. Nd2 Na8 19. Nc4 Nc7 20. Nca3 Nxb5 21. Nxb5 Nd7 22. Bxg7 Kxg7 23. f4 Nb6 24. Rf3 c4 25. f5 Nxa4 26. fxg6 fxg6 27. bxc4 Ra8 28. Raf1 Nc5 29. Rf7+ Kg8 30. Qf3 e5 31. Rf8+ Kg7 32. Qf6+ Kh6 33. Nxd6 1-0

[Event "Dieren op"]
[Site "Dieren"]
[Date "2014.07.24"]
[Round "3"]
[White "Kazarian, Anna Maja"]
[Black "Wilgenhof, Otto"]
[Result "1-0"]
[WhiteElo "2025"]
[BlackElo "2217"]
[PlyCount "131"]
[EventDate "2014.07.22"]
[EventType "swiss"]
[EventRounds "9"]
[EventCountry "NED"]
[SourceTitle "CBM 161 Extra"]
[Source "ChessBase"]
[SourceDate "2014.08.29"]
[SourceVersion "1"]
[SourceVersionDate "2014.08.29"]
[SourceQuality "1"]

1. e4 e6 2. d4 d5 3. exd5 exd5 4. c4 Nf6 5. Nc3 Be7 6. Bd3 0-0 7. Nge2 dxc4 8. Bxc4 Bf5 9. 0-0 Nbd7 10. Ng3 Bg6 11. h4 Nb6 12. Bb3 h6 13. h5 Bh7 14. Bf4 Qd7 15. Be5 c6 16. Bc2 Bxc2 17. Qxc2 Ng4 18. Qf5 Rad8 19. Rfe1 Nc4 20. Bxg7 Kxg7 21. Qe4 Bg5 22. Nf5+ Kf6 23. Qxg4 Nd6 24. Ne3 Qxg4 25. Nxg4+ Kg7 26. Rad1 Nc4 27. Re2 Rfe8 28. b3 Rxe2 29. Nxe2 Nb2 30. Rb1 Nd3 31. g3 f5 32. Ne5 Nxe5 33. dxe5 Rd2 34. Nc3 Rc2 35. Na4 Bc1 36. b4 b6 37. Kf1 Ba3 38. Rb3 Rxa2 39. Nc3 Ra1+ 40. Ke2 c5 41. bxc5 Bxc5 42. f4 a5 43. Nb5 Ra2+ 44. Kd3 a4 45. Rb1 Rg2 46. Kc4 Rxg3 47. Nd6 Rf3 48. Nxf5+ Kf8 49. Kd5 a3 50. Rd1 Rxf4 51. Ke6 Kg8 52. Rd8+ Bf8 53. Ne7+ Kh7 54. Ra8 Rf3 55. Nf5 Rxf5 56. Kxf5 Bb4 57. Kf6 Ba5 58. Ra7+ Kg8 59. Rg7+ Kf8 60. Rg2 b5 61. Rc2 Bd8+ 62. Ke6 Bb6 63. Kd5 Ke7 64. e6 Be3 65. Rc7+ Kd8 66. e7+ 1-0

[Event "Dieren op"]
[Site "Dieren"]
[Date "2014.07.22"]
[Round "1"]
[White "Halfhide, Sebastian"]
[Black "Wilgenhof, Otto"]
[Result "0-1"]
[WhiteElo "1979"]
[BlackElo "2217"]
[PlyCount "104"]
[EventDate "2014.07.22"]
[EventType "swiss"]
[EventRounds "9"]
[EventCountry "NED"]
[SourceTitle "CBM 161 Extra"]
[Source "ChessBase"]
[SourceDate "2014.08.29"]
[SourceVersion "1"]
[SourceVersionDate "2014.08.29"]
[SourceQuality "1"]

1. e4 e6 2. d4 d5 3. Nd2 Nf6 4. e5 Nfd7 5. Bd3 c5 6. c3 Nc6 7. Ndf3 cxd4 8. cxd4 f6 9. exf6 Nxf6 10. Ne2 Bd6 11. 0-0 Qc7 12. Bg5 0-0 13. Bh4 Nh5 14. Qc2 h6 15. Bg6 Rxf3 16. Bxh5 Rf8 17. Bg3 Bxg3 18. hxg3 Bd7 19. Nf4 Rxf4 20. gxf4 Qxf4 21. Rad1 Nxd4 22. Qd2 Qxd2 23. Rxd2 Nc6 24. f4 Rf8 25. f5 exf5 26. Bf3 d4 27. Bd5+ Kh7 28. Bxc6 Bxc6 29. Rxd4 g5 30. Re1 Rf6 31. Red1 f4 32. Rd6 Rf7 33. Re1 Bd7 34. Kf2 h5 35. Re5 Bf5 36. Rdd5 Kg6 37. Rd6+ Rf6 38. Rxf6+ Kxf6 39. Ra5 a6 40. Kf3 h4 41. Rc5 Be6 42. a4 Kg6 43. Re5 Bb3 44. a5 Kh5 45. Rc5 Bd1+ 46. Kf2 Ba4 47. Re5 Bc6 48. Rc5 Kg6 49. Re5 g4 50. Rc5 g3+ 51. Kg1 f3 52. gxf3 h3 0-1

[Event "Dieren op"]
[Site "Dieren"]
[Date "2009.07.29"]
[Round "8"]
[White "Wilgenhof, Otto"]
[Black "Van Eijk, Sander"]
[Result "1-0"]
[WhiteElo "2207"]
[BlackElo "2338"]
[PlyCount "57"]
[EventDate "2009.07.21"]
[EventType "swiss"]
[EventRounds "9"]
[EventCountry "NED"]
[SourceTitle "CBM 131 Extra"]
[Source "ChessBase"]
[SourceDate "2009.09.03"]
[SourceVersion "2"]
[SourceVersionDate "2009.09.16"]
[SourceQuality "1"]

1. d4 Nf6 2. g3 d5 3. Bg2 Nbd7 4. c4 dxc4 5. Qa4 c6 6. Qxc4 e5 7. Nf3 Nb6 8. Qc3 a5 9. 0-0 Bb4 10. Qe3 e4 11. Ng5 Nbd5 12. Qb3 Qe7 13. a3 Bd6 14. Nd2 e3 15. Nc4 h6 16. Nxf7 Kxf7 17. fxe3 Be6 18. Qxb7 Kg6 19. Qxc6 Rac8 20. Qxd6 Rxc4 21. Qe5 Re8 22. Be4+ Nxe4 23. Qxe4+ Kh5 24. Rf5+ Bxf5 25. Qxf5+ Qg5 26. Qf7+ Kg4 27. Qf3+ Kh3 28. g4+ Kh4 29. Qg3# 1-0

[Event "Dieren op"]
[Site "Dieren"]
[Date "2008.07.26"]
[Round "5"]
[White "Wilgenhof, Otto"]
[Black "Roggeveen, Wouter"]
[Result "1-0"]
[WhiteElo "2218"]
[BlackElo "2009"]
[PlyCount "41"]
[EventDate "2008.07.22"]
[EventType "swiss"]
[EventRounds "9"]
[EventCountry "NED"]
[SourceTitle "CBM 125 Extra"]
[Source "ChessBase"]
[SourceDate "2008.09.01"]
[SourceVersion "1"]
[SourceVersionDate "2008.09.01"]
[SourceQuality "1"]

1. d4 d5 2. Nf3 c6 3. c4 e6 4. Nc3 dxc4 5. e4 b5 6. Be2 Bb4 7. 0-0 Bb7 8. Qc2 Nd7 9. d5 e5 10. b3 Qa5 11. Bb2 cxd5 12. exd5 Ngf6 13. a3 Bd6 14. bxc4 bxc4 15. Bxc4 Rc8 16. Qb3 Nc5 17. Qb5+ Qxb5 18. Nxb5 Bb8 19. Bxe5 Nce4 20. Bxb8 Rxb8 21. Nxa7 1-0

[Event "Dieren op"]
[Site "Dieren"]
[Date "2008.07.25"]
[Round "4"]
[White "Wohl, Aleksandar H"]
[Black "Wilgenhof, Otto"]
[Result "1-0"]
[WhiteElo "2384"]
[BlackElo "2218"]
[PlyCount "47"]
[EventDate "2008.07.22"]
[EventType "swiss"]
[EventRounds "9"]
[EventCountry "NED"]
[SourceTitle "CBM 125 Extra"]
[Source "ChessBase"]
[SourceDate "2008.09.01"]
[SourceVersion "1"]
[SourceVersionDate "2008.09.01"]
[SourceQuality "1"]

1. Nf3 Nf6 2. d4 g6 3. Nc3 d5 4. Bf4 Bg7 5. e3 c6 6. Be2 Nh5 7. Be5 Bxe5 8. Nxe5 f6 9. Nd3 Ng7 10. Qd2 Qd6 11. 0-0-0 e5 12. dxe5 fxe5 13. e4 d4 14. Nb1 c5 15. Qg5 Nc6 16. Na3 Ne6 17. Qg3 0-0 18. Nc4 Qc7 19. Ncxe5 Nxe5 20. Qxe5 Qxe5 21. Nxe5 Rxf2 22. Bc4 Kg7 23. Nd3 Rxg2 24. Bxe6 1-0

[Event "Dieren op"]
[Site "Dieren"]
[Date "2008.07.24"]
[Round "3"]
[White "Wilgenhof, Otto"]
[Black "Ootes, Lennart"]
[Result "1-0"]
[WhiteElo "2218"]
[BlackElo "2064"]
[PlyCount "73"]
[EventDate "2008.07.22"]
[EventType "swiss"]
[EventRounds "9"]
[EventCountry "NED"]
[SourceTitle "CBM 125 Extra"]
[Source "ChessBase"]
[SourceDate "2008.09.01"]
[SourceVersion "1"]
[SourceVersionDate "2008.09.01"]
[SourceQuality "1"]

1. d4 Nf6 2. Nf3 e6 3. c4 b6 4. Nc3 Bb7 5. Qc2 c5 6. e4 cxd4 7. Nxd4 d6 8. Be2 Be7 9. Be3 a6 10. 0-0 Nbd7 11. f4 Qc8 12. Bf3 0-0 13. b3 Rd8 14. g4 Nf8 15. g5 N6d7 16. Qb2 Qc7 17. Nd5 exd5 18. Nf5 Nf6 19. exd5 Ne8 20. Bd4 f6 21. Rae1 Ng6 22. Bh5 Bf8 23. Qf2 Qf7 24. Bxb6 Rdb8 25. Nh4 fxg5 26. Bxg6 hxg6 27. fxg5 Qxf2+ 28. Rxf2 Bxd5 29. cxd5 Rxb6 30. Nxg6 Nc7 31. Ref1 Rbb8 32. Rf4 Nxd5 33. Rh4 Nf6 34. gxf6 gxf6 35. Rxf6 Rb5 36. Rg4 Kg7 37. Rf3 1-0

[Event "Dieren op"]
[Site "Dieren"]
[Date "2003.07.28"]
[Round "6"]
[White "Wilgenhof, Otto"]
[Black "Pool, Wim"]
[Result "1-0"]
[WhiteElo "2247"]
[BlackElo "2132"]
[PlyCount "99"]
[EventDate "2003.07.22"]
[EventType "swiss"]
[EventRounds "9"]
[EventCountry "NED"]
[SourceTitle "CBM 095 Extra"]
[Source "ChessBase"]
[SourceDate "2003.09.04"]
[SourceVersion "1"]
[SourceVersionDate "2003.09.04"]
[SourceQuality "1"]

1. d4 Nf6 2. Bg5 b6 3. Bxf6 exf6 4. Nf3 Bb7 5. e3 Be7 6. c4 0-0 7. Nc3 d5 8. cxd5 Bxd5 9. Nxd5 Qxd5 10. a3 Nd7 11. Bd3 Bd6 12. Qc2 Qh5 13. Be4 Rae8 14. Bc6 Re7 15. h3 f5 16. 0-0-0 Nf6 17. g4 fxg4 18. hxg4 Qg6 19. g5 Qxc2+ 20. Kxc2 Ne4 21. Rdf1 g6 22. Rh4 f5 23. gxf6 Nxf6 24. e4 Nd7 25. e5 Bxe5 26. dxe5 Nxe5 27. Bd5+ Kh8 28. Nd2 c6 29. Be4 Kg7 30. Rfh1 h5 31. f3 c5 32. Rg1 Kf6 33. Rf4+ Kg7 34. Rxf8 Kxf8 35. f4 Ng4 36. Bxg6 Rg7 37. f5 Ne3+ 38. Kc1 Nxf5 39. Nf3 Nd6 40. Bxh5 Rxg1+ 41. Nxg1 Ke7 42. Nf3 Ke6 43. Kc2 Kd5 44. Bg6 b5 45. Kd3 a5 46. Nd2 a4 47. Be4+ Nxe4 48. Nxe4 c4+ 49. Ke3 Ke5 50. Nc3 1-0

[Event "OSKA op-A"]
[Site "Netherlands"]
[Date "2003.07.09"]
[Round "5"]
[White "Wustefeld, Emile"]
[Black "Wilgenhof, Otto"]
[Result "1-0"]
[WhiteElo "2244"]
[BlackElo "2199"]
[PlyCount "75"]
[EventDate "2003.09.??"]
[EventType "swiss"]
[EventRounds "6"]
[EventCountry "NED"]
[SourceTitle "EXT 2005"]
[Source "ChessBase"]
[SourceDate "2004.11.15"]
[SourceVersion "1"]
[SourceVersionDate "2004.11.15"]
[SourceQuality "1"]

1. e4 e6 2. d4 d5 3. Nc3 Nf6 4. Bg5 Be7 5. e5 Nfd7 6. Bxe7 Qxe7 7. f4 c5 8. Nb5 0-0 9. Nc7 Nxe5 10. Nxa8 Ng6 11. Qd2 Nc6 12. Nf3 cxd4 13. 0-0-0 Qd6 14. g3 Bd7 15. Nxd4 Rxa8 16. Bg2 Nge7 17. Kb1 a5 18. c4 Nxd4 19. Qxd4 Bc6 20. cxd5 exd5 21. Rhe1 Rd8 22. Qe5 Qxe5 23. Rxe5 Kf8 24. Kc2 f6 25. Ree1 Ke8 26. Kd3 Kf7 27. Bh3 Rd6 28. Kd4 b6 29. Rc1 g6 30. b3 h5 31. a4 g5 32. fxg5 fxg5 33. Rf1+ Ke8 34. Ke5 Rd8 35. Be6 Ng6+ 36. Kf6 Rd6 37. Kxg6 Rxe6+ 38. Rf6 1-0

[Event "CFriend AC-2003-Q-00007 email"]
[Site "Chessfriend.com"]
[Date "2003.07.01"]
[Round "?"]
[White "Lichtenberg, Hans Juergen"]
[Black "Wilgenhof, Otto"]
[Result "1-0"]
[WhiteElo "2134"]
[BlackElo "2247"]
[PlyCount "35"]
[EventDate "2003.07.01"]
[EventType "tourn (corr)"]
[EventRounds "10"]
[SourceTitle "Corr 2008"]
[Source "ChessBase"]
[SourceDate "2008.06.24"]
[SourceVersion "1"]
[SourceVersionDate "2008.06.24"]
[SourceQuality "1"]

1. e4 e6 2. d4 d5 3. Nc3 Nf6 4. Bg5 dxe4 5. Nxe4 Be7 6. Bxf6 gxf6 7. Nf3 f5 8. Nc3 c6 9. Qd2 Nd7 10. 0-0-0 Rg8 11. Kb1 Qc7 12. g3 b6 13. Bg2 Bb7 14. Ne5 Nxe5 15. dxe5 Rd8 16. Qe2 Rd7 17. f4 Kd8 18. Qh5 1-0

[Event "CFriend AC-2003-Q-00007 email"]
[Site "Chessfriend.com"]
[Date "2003.07.01"]
[Round "?"]
[White "Wilgenhof, Otto"]
[Black "Lutzenberger, Reimund"]
[Result "0-1"]
[WhiteElo "2247"]
[BlackElo "2396"]
[PlyCount "36"]
[EventDate "2003.07.01"]
[EventType "tourn (corr)"]
[EventRounds "10"]
[SourceTitle "Corr 2008"]
[Source "ChessBase"]
[SourceDate "2008.06.24"]
[SourceVersion "1"]
[SourceVersionDate "2008.06.24"]
[SourceQuality "1"]

1. d4 Nf6 2. Nf3 g6 3. c4 Bg7 4. Nc3 d6 5. e4 0-0 6. Be2 e5 7. 0-0 Nc6 8. d5 Ne7 9. Ne1 Nd7 10. Be3 f5 11. f3 f4 12. Bf2 g5 13. a4 a5 14. Nd3 b6 15. b4 axb4 16. Nxb4 Nf6 17. Nb5 g4 18. Bh4 g3 0-1

[Event "CFriend AC-2003-Q-00007 email"]
[Site "Chessfriend.com"]
[Date "2003.07.01"]
[Round "?"]
[White "Wilgenhof, Otto"]
[Black "Steenbekkers, Franck"]
[Result "0-1"]
[WhiteElo "2247"]
[BlackElo "2198"]
[PlyCount "32"]
[EventDate "2003.07.01"]
[EventType "tourn (corr)"]
[EventRounds "10"]
[SourceTitle "Corr 2008"]
[Source "ChessBase"]
[SourceDate "2008.06.24"]
[SourceVersion "1"]
[SourceVersionDate "2008.06.24"]
[SourceQuality "1"]

1. d4 Nf6 2. Nf3 g6 3. c4 Bg7 4. Nc3 d5 5. Qb3 dxc4 6. Qxc4 0-0 7. e4 a6 8. Bf4 b5 9. Qxc7 Qxc7 10. Bxc7 Bb7 11. e5 Nd5 12. Nxd5 Bxd5 13. Be2 Rc8 14. Bb6 Rc2 15. b3 Nc6 16. Bd1 Rc3 0-1

[Event "CFriend AM-2003-0-00006 email"]
[Site "Chessfriend.com"]
[Date "2003.06.09"]
[Round "?"]
[White "Nikel, Bogdan"]
[Black "Wilgenhof, Otto"]
[Result "1-0"]
[WhiteElo "2200"]
[BlackElo "2247"]
[PlyCount "39"]
[EventDate "2003.??.??"]
[EventType "tourn (corr)"]
[EventRounds "12"]
[SourceTitle "Corr 2008"]
[Source "ChessBase"]
[SourceDate "2008.06.24"]
[SourceVersion "1"]
[SourceVersionDate "2008.06.24"]
[SourceQuality "1"]

1. e4 e6 2. d4 d5 3. Nc3 Nf6 4. Bg5 Be7 5. e5 Nfd7 6. Bxe7 Qxe7 7. f4 a6 8. Nf3 c5 9. dxc5 Nc6 10. Qd2 Qxc5 11. 0-0-0 Nb6 12. h4 Bd7 13. h5 h6 14. Rh3 0-0-0 15. Rg3 Rhg8 16. Nd4 f6 17. Nxc6 Bxc6 18. Ne2 fxe5 19. fxe5 Kb8 20. Nf4 1-0

[Event "OSKA op-A"]
[Site "Netherlands"]
[Date "2003.06.09"]
[Round "4"]
[White "Wilgenhof, Otto"]
[Black "Dambacher, Martijn"]
[Result "1/2-1/2"]
[WhiteElo "2199"]
[BlackElo "2387"]
[PlyCount "93"]
[EventDate "2003.09.??"]
[EventType "swiss"]
[EventRounds "6"]
[EventCountry "NED"]
[SourceTitle "EXT 2005"]
[Source "ChessBase"]
[SourceDate "2004.11.15"]
[SourceVersion "1"]
[SourceVersionDate "2004.11.15"]
[SourceQuality "1"]

1. d4 e6 2. e4 c5 3. d5 Nf6 4. Nc3 d6 5. Nf3 a6 6. a4 exd5 7. exd5 Be7 8. Bd3 Bg4 9. h3 Bh5 10. 0-0 0-0 11. Re1 Re8 12. Bf5 Nbd7 13. Bf4 Qb6 14. a5 Qc7 15. g4 Bg6 16. Bxg6 hxg6 17. g5 Nh5 18. Bh2 f6 19. Qd3 Nf8 20. Nh4 Qd7 21. Nxg6 fxg5 22. Nxf8 Rxf8 23. Qe2 Qxh3 24. Qe6+ Qxe6 25. Rxe6 Rae8 26. Rxe7 Rxe7 27. Bxd6 Rd7 28. Bxf8 Kxf8 29. Rd1 Nf4 30. Na4 Rxd5 31. Rxd5 Nxd5 32. Nxc5 Ke7 33. Nxb7 Nb4 34. c3 Nd3 35. b4 Kd7 36. Kf1 Kc6 37. Nd8+ Kd5 38. b5 Nc5 39. Nb7 axb5 40. Nxc5 Kxc5 41. Ke2 Kc6 42. Kd3 Kb7 43. c4 Ka6 44. cxb5+ Kxb5 45. Ke4 Kxa5 46. Kf5 Kb5 47. Kxg5 1/2-1/2

[Event "CFriend AM-2003-0-00006 email"]
[Site "Chessfriend.com"]
[Date "2003.06.09"]
[Round "1"]
[White "Wilgenhof, Otto"]
[Black "Fridman, Daniel"]
[Result "0-1"]
[WhiteElo "2247"]
[BlackElo "2621"]
[PlyCount "26"]
[EventDate "2003.??.??"]
[EventType "tourn (corr)"]
[EventRounds "12"]
[SourceTitle "Corr 2008"]
[Source "ChessBase"]
[SourceDate "2008.06.24"]
[SourceVersion "1"]
[SourceVersionDate "2008.06.24"]
[SourceQuality "1"]

1. d4 Nf6 2. Nf3 e6 3. c4 b6 4. g3 Ba6 5. b3 Bb4+ 6. Bd2 Be7 7. Bg2 c6 8. Nc3 d5 9. 0-0 Nbd7 10. Bf4 Rc8 11. Qd3 0-0 12. Rfc1 dxc4 13. bxc4 Nd5 0-1

[Event "CFriend AT-2003-0-00011 email"]
[Site "Chessfriend.com"]
[Date "2003.05.19"]
[Round "1"]
[White "Benko, Bostjan"]
[Black "Wilgenhof, Otto"]
[Result "1-0"]
[WhiteElo "2329"]
[BlackElo "2247"]
[PlyCount "49"]
[EventDate "2003.??.??"]
[EventType "match (corr)"]
[EventRounds "2"]
[SourceTitle "Corr 2008"]
[Source "ChessBase"]
[SourceDate "2008.06.24"]
[SourceVersion "1"]
[SourceVersionDate "2008.06.24"]
[SourceQuality "1"]

1. e4 e6 2. d4 d5 3. Nd2 Nf6 4. e5 Nfd7 5. Bd3 c5 6. c3 Nc6 7. Ne2 cxd4 8. cxd4 f6 9. exf6 Nxf6 10. Nf3 Bd6 11. 0-0 Qc7 12. Bg5 0-0 13. Bh4 e5 14. dxe5 Nxe5 15. Nxe5 Bxe5 16. Bg3 Bxg3 17. Nxg3 Bg4 18. Qb3 Rac8 19. Ne4 Be6 20. Ng5 Bf7 21. Bf5 Rce8 22. Rae1 Rxe1 23. Rxe1 Qf4 24. Nxf7 Qxf5 25. Ne5 1-0

[Event "CFriend AT-2003-0-00011 email"]
[Site "Chessfriend.com"]
[Date "2003.05.19"]
[Round "?"]
[White "Wilgenhof, Otto"]
[Black "Benko, Bostjan"]
[Result "0-1"]
[WhiteElo "2247"]
[BlackElo "2329"]
[PlyCount "44"]
[EventDate "2003.??.??"]
[EventType "match (corr)"]
[EventRounds "2"]
[SourceTitle "Corr 2008"]
[Source "ChessBase"]
[SourceDate "2008.06.24"]
[SourceVersion "1"]
[SourceVersionDate "2008.06.24"]
[SourceQuality "1"]

1. d4 Nf6 2. Nf3 g6 3. c4 Bg7 4. Nc3 0-0 5. e4 d6 6. Be2 e5 7. 0-0 Na6 8. Be3 Ng4 9. Bg5 Qe8 10. dxe5 dxe5 11. h3 f6 12. Bd2 Nh6 13. Nb5 Nf7 14. b4 c6 15. Na3 f5 16. Bd3 fxe4 17. Bxe4 Bf5 18. Bxf5 gxf5 19. Bc3 Rd8 20. Qc2 e4 21. Bxg7 Kxg7 22. Qc3+ Kg8 0-1

[Event "Dieren op"]
[Site "Dieren"]
[Date "2000.07.27"]
[Round "9"]
[White "Wilgenhof, Otto"]
[Black "Van den Bersselaar, Jeroen"]
[Result "0-1"]
[WhiteElo "2262"]
[BlackElo "2065"]
[PlyCount "126"]
[EventDate "2000.07.18"]
[EventType "swiss"]
[EventRounds "9"]
[EventCountry "NED"]
[SourceTitle "CBM 077 Extra"]
[Source "ChessBase"]
[SourceDate "2000.09.14"]
[SourceVersion "1"]
[SourceVersionDate "2000.09.14"]
[SourceQuality "1"]

1. d4 d5 2. Nf3 Nf6 3. g3 Bf5 4. Bg2 e6 5. 0-0 h6 6. c4 c6 7. Qb3 Qb6 8. Nc3 Nbd7 9. Na4 Qxb3 10. axb3 Bc2 11. Nd2 Bb4 12. Nc3 0-0 13. e3 a5 14. Bf3 Rfe8 15. Bd1 Bd3 16. Be2 Bc2 17. f4 Ne4 18. Ncxe4 dxe4 19. c5 b6 20. cxb6 Nxb6 21. Nc4 Nd5 22. Ne5 Bxb3 23. Nxc6 Rec8 24. Bb5 Nc7 25. Ba4 Bxa4 26. Rxa4 Nd5 27. Nxb4 axb4 28. Rxa8 Rxa8 29. Bd2 Rc8 30. Rc1 Rxc1+ 31. Bxc1 b3 32. Bd2 Nb6 33. Kf2 Na4 34. Bc1 Kf8 35. g4 g6 36. f5 Ke7 37. fxg6 fxg6 38. g5 hxg5 39. Kg3 Kf6 40. Kg4 Nb6 41. Bd2 Nc4 42. Bc1 Nd6 43. Bd2 Nf5 44. h3 Nh6+ 45. Kg3 Kf5 46. Bb4 Ng8 47. Be1 Nf6 48. Bd2 Nh5+ 49. Kg2 g4 50. Kh2 gxh3 51. Kxh3 Nf6 52. Kg3 Nd5 53. Kh4 Nb6 54. Kh3 Kg5 55. Kg3 Nd5 56. Kh3 Kh5 57. Kg3 g5 58. Kh3 Nb6 59. Kg3 Nc4 60. Bc1 g4 61. Kf4 Kh4 62. Kxe4 g3 63. Kf3 Kh3 0-1

[Event "Dieren op"]
[Site "Dieren"]
[Date "2000.07.19"]
[Round "2"]
[White "Verholt, Gerard"]
[Black "Wilgenhof, Otto"]
[Result "0-1"]
[WhiteElo "2117"]
[BlackElo "2262"]
[PlyCount "42"]
[EventDate "2000.07.18"]
[EventType "swiss"]
[EventRounds "9"]
[EventCountry "NED"]
[SourceTitle "CBM 077 Extra"]
[Source "ChessBase"]
[SourceDate "2000.09.14"]
[SourceVersion "1"]
[SourceVersionDate "2000.09.14"]
[SourceQuality "1"]

1. d4 Nf6 2. c4 c5 3. d5 e5 4. Nc3 d6 5. e4 Be7 6. Be2 0-0 7. Nf3 Ne8 8. 0-0 g6 9. Bh6 Ng7 10. Qd2 f5 11. Bg5 f4 12. Bxe7 Qxe7 13. h3 Nd7 14. Nh2 Nf6 15. Ng4 Nxg4 16. hxg4 Qg5 17. f3 h5 18. Nb5 Ne8 19. b4 a6 20. Nxd6 Nxd6 21. bxc5 hxg4 0-1